000 00272nam a22001097a 4500
082 _a640,4
_bFRE
245 _aDeductions from the world war
_cLoringhoven baron von freytag
300 _a176p.:
_bill
526 _a0
_b0
_c0
_d6404_FRE
650 _aMCE
_9379
942 _2ddc
_cBK
999 _c552226
_d552226